| 000 | 00513nam a22001937a 4500 | ||
|---|---|---|---|
| 999 |
_c2493 _d2493 |
||
| 003 | OSt | ||
| 005 | 20191118145013.0 | ||
| 008 | 151110b xxu||||| |||| 00| 0 eng d | ||
| 020 | _a0070856133 | ||
| 040 | _c040a | ||
| 082 |
_a515 _bRUD 1976 |
||
| 100 |
_aRudin, Walter _96071 |
||
| 245 | _aPrinciples of Mathematical Analysis | ||
| 260 |
_aAuckland; _bMcGraw-Hill book company, _c1976 |
||
| 300 |
_ax,342p; _bill : _c8 cm |
||
| 504 | _aincludes index | ||
| 650 |
_aMathematics analysis _9810 |
||
| 942 |
_2ddc _cSLOAN |
||